Geography Quiz

Random Geography or City Quiz
Score 0/24 Timer 06:00
0 Plays Today
% Correct
Pakistan
95.7%
Turkey
93.5%
Russia
93.5%
South Korea
93.5%
Iran
84.8%
Japan
82.6%
India
78.3%
Philippines
73.9%
Malaysia
65.2%
Oman
45.7%
Syria
39.1%
Armenia
39.1%
% Correct
Yemen
34.8%
Jordan
32.6%
Afghanistan
32.6%
Azerbaijan
28.3%
Tajikistan
28.3%
Iraq
26.1%
Kyrgyzstan
26.1%
Nepal
26.1%
Bangladesh
23.9%
Qatar
19.6%
Palestine
15.2%
Bahrain
10.9%

You're not logged in!

Compare scores with friends on all Sporcle quizzes.
OR
Log In

Sporcle TV

Today on Sporcle TV


Watch our educational content, quiz creation guides, and fun videos on Sporcle TV.

Show Comments

Extras

Top Quizzes Today


Score Distribution

Paid Content

Your Account Isn't Verified!

In order to create a playlist on Sporcle, you need to verify the email address you used during registration. Go to your Sporcle Settings to finish the process.

Report this User

Report this user for behavior that violates our Community Guidelines.

Details: